Statistics for NRL 2023 Hat-Tricks

Click here to take the quiz!

General Stats

  • This quiz has been taken 22 times
    (20 since last reset)
  • The average score is 21 of 27

Answer Stats

Club#Player% Correct
Dolphins1Jamayne Isaako
100%
Rabbitohs1Latrell Mitchell
92%
Rabbitohs1Alex Johnston
83%
Rabbitohs2Campbell Graham
83%
Eels2Clinton Gutherson
83%
Knights ^1Dominic Young
83%
Panthers ^1Dylan Edwards
83%
Eels1Maika Sivo
83%
Dragons1Mikaele Ravalawa
83%
Cowboys1Murray Taulagi
83%
Sea Eagles1Reuben Garrick
83%
Broncos2Selwyn Cobbo
83%
Panthers1Stephen Crichton
83%
Sea Eagles1Tom Trbojevic
83%
Sharks2William Kennedy
83%
Storm2Xavier Coates
83%
Bulldogs1Blake Wilson
75%
Knights1Bradman Best
75%
Warriors ^1Dallin Watene-Zelezniak
75%
Knights1Greg Marzhew
75%
Cowboys*1Semi Valemei
75%
Sharks1Sione Katoa
75%
Dolphins1Tesi Niu
75%
Sea Eagles1Daly Cherry-Evans
67%
Storm ^1Will Warbrick
67%
Raiders1Albert Hopoate
58%
Dragons1Tautau Moga
42%

Score Distribution

Percentile by Number Answered

Percent of People with Each Score

Your Score History

You have not taken this quiz since the last reset